Diseño de un modelo mecánico para cambiar las cabezas de producción en una máquina para hacer tubos de concreto
Kaydedildi:
| Yazar: | |
|---|---|
| Materyal Türü: | Kitap |
| Baskı/Yayın Bilgisi: |
San José, C.R.
1997
|
| Konular: | |
| Etiketler: |
Etiketle
Etiket eklenmemiş, İlk siz ekleyin!
|
MARC
| LEADER | 00000nam a2200000Ia 4500 | ||
|---|---|---|---|
| 003 | 008292 | ||
| 005 | 20221231144228.0 | ||
| 008 | 140114s1997 cr a m 000 ||s d | ||
| 040 | |c cru CEDI | ||
| 090 | |a TFG 3723 | ||
| 100 | |a Badilla Ureña, Raúl |9 9307 | ||
| 245 | |a Diseño de un modelo mecánico para cambiar las cabezas de producción en una máquina para hacer tubos de concreto | ||
| 260 | |c 1997 |a San José, C.R. | ||
| 300 | |a ix, 98 hojas : ilustraciones | ||
| 500 | |a Proyecto de graduación (licenciatura en ingeniería mecánica)--Universidad de Costa Rica. Facultad de Ingeniería. Escuela de Ingeniería Mecánica | ||
| 650 | |x TUBOS - FABRICACION |x DISEÑO DE MAQUINAS |9 9308 | ||
| 942 | |c TFG | ||
| 999 | |c 18756 |d 18756 | ||
